000 00627nam a2200217Ia 4500
005 20250508164407.0
008 008 250505s9999 xx 000 0 eng d
020 _a978-1-4129-1607-3
037 _aReference
040 _aFEDL
_beng
_cFEDL
041 _aeng
_2eng
084 _a001.42, CRE/RR
_qFEDL
100 _aCreswell John W
245 0 _aQualitative inquiry and research design: Choosing among five approaches
250 _a2nd
260 _aLondon, UK
_bSage Publications
_c2007
300 _axvii,395p.
365 _aUSD
_b59.95
942 _cREF
_h001.42, CRE/RR
999 _c1388915
_d1388915